MDQL
is popping MORE tags! Check the
thread
!
Quizzes
Events
Quiz Creation
Community
Videos
Private Events
Remove Ads
Sign In
Join for FREE
Feedback
Dark Mode
Quiz Categories
Sports
Geography
Music
Movies
Television
Just For Fun
Miscellaneous
History
Literature
Language
Science
Gaming
Entertainment
Religion
Holiday
For Kids
Quiz Lab
Recent
Popular Today
Quiz Kudos Today
Editor Picks
Curator Picks
Quizzes by...
Day
Popularity
Type
Ratings
Length
Year
Community
Subscriptions
Recent Discussions
Orange Saloon
Badges
Playlists
Quests
Create
Leaderboards
Showdown
Live 5
Trivia Bingo
Activity
Puzzle Library
Sporcle Events
Private Events
Virtual Trivia
Globe League
Become a Host
Pub Owners
SporcleCon
Opinionation
Our Games
Videos
Blog
Mobile Apps
Partnerships
Remove Ads and Go Orange
Feedback
Sports
Athletes
MLB
NBA
NHL
NFL
Soccer
Sports Teams
WWE
NCAA
Football
Premier League
Basketball
Baseball
Hockey
Golf
Tennis
Cricket
Rugby
Auto Racing
Olympics
World Cup
Sports
Athletes
MLB
NBA
NHL
NFL
Soccer
Sports Teams
WWE
NCAA
Football
Premier League
Basketball
Baseball
Hockey
Golf
Tennis
Cricket
Rugby
Auto Racing
Olympics
World Cup
Random Quiz
Search Sporcle
×
Quiz Lab
Quiz Lab
Sports
reign
Type in answers that appear in a list
Type in answers that appear in a list
Classic
Best Score? Go Orange.
Boxing: Undisputed Heavyweight Champions Stats
Can you name the Undisputed Heavyweight Boxing Champions?
By
CrackerJibbs
5m
23 Questions
2,560 Plays
2,560 Plays
2,560 Plays
Comments
Comments
Give Quiz Kudos
Give Quiz Kudos
-
- Ratings
hide this ad
Replay
Link that replays current quiz
Next Quiz
Link to next quiz in quiz playlist
You Got
0%
They Got
Avg Score
71%
Avg Friend Score
Upgrade to see
Score Distribution
Jump to the score distribution portion of the page
Score
0/23
Timer
05:00
0
Plays Today
Reign:
Boxer:
% Correct
August 1, 1987 -
February 11, 1990
Mike Tyson
96.8%
February 25, 1964 -
September 19, 1964
Muhammed Ali
96.4%
March 22, 1967 -
April 28, 1967
Muhammed Ali
94.2%
October 30, 1974 -
February 15, 1978
Muhammed Ali
94.2%
January 22, 1973 -
October 30, 1974
George Foreman
92.6%
November 13, 1999 -
April 29, 2000
Lennox Lewis
92%
March 8, 1971 -
January 22, 1973
Joe Frazier
88.6%
October 25, 1990 -
November 13, 1992
Evander Holyfield
86.8%
September 23, 1952 -
April 27, 1956
Rocky Marciano
80.3%
June 22, 1937 -
March 1, 1949
Joe Louis
80.2%
September 25, 1962 -
February 25, 1964
Sonny Liston
77.2%
February 11, 1990 -
October 25, 1990
James Douglas
73.8%
Reign:
Boxer:
% Correct
February 15, 1978 -
March 18, 1978
Leon Spinks
71.5%
July 24, 1922 -
Septerber 23, 1926
Jack Dempsey
67.1%
November 13, 1992 -
December 14, 1992
Riddick Bowe
65.6%
November 30, 1956 -
June 26, 1959
Floyd Patterson
62.4%
June 20, 1960 -
September 25, 1962
Floyd Patterson
62.4%
September 23, 1926 -
July 31, 1928
Gene Tunney
47.7%
July 18, 1951 -
September 23, 1952
Jersey Joe Walcott
45.2%
June 12, 1930 -
January 7, 1931
Max Schmeling
45.2%
June 13, 1935 -
June 22, 1937
James Braddock
44.9%
September 27, 1950 -
July 18, 1951
Ezzard Charles
41.2%
June 26, 1959 -
June 20, 1960
Ingemar Johansson
37.8%
Quiz Playlist
Details
Report
Send in Message
Add To Playlist
Classic:
Type in answers that appear in a list
Last Updated: Sep 18, 2018
Quiz Scoreboard
CHALLENGE
Sign Up to Join the Scoreboard
Show All
Scores
Hide
Comments
May contain spoilers
Recently Published
5x2 Blitz: Bands
by SL_Kpop136
Music
30s
Colored Red Africa Blitz
by spor1
Geography
30s
Find the 'City' Movie
by crazypaving
Movies
60s
More to Explore
Quiz From the Vault
Featured Blog Post
14 Easter Pick-up Lines to Find Eggs With
hide this ad
You Might Also Like...
Tags
Boxer
Boxing
Boxing Champions
champion
Heavyweight
reign
Undisputed
Today's Top Quizzes in Sports
Browse Sports
hide this ad
Today's Top Quizzes in reign
Browse reign
Top Contributed Quizzes in Sports
1
Players with Multiple 50 Home Run Seasons
2
Who Needs Fielders?
3
Criteria MLB: Left Handed Sluggers
4
MLB Players with Two .350 Batting Average Seasons
5
Who Hit More Homers?
6
2020 F1 Drivers Logic Puzzle
7
NBA Teammate Connections
8
Premier League Clubs since 2000 (minefield)
9
MLB Teams by First Game
10
Top 10 NHL Goal Scorers of All Time
Explore More
Trending Topics
Disney
Kpop
Marvel
Anime
Harry Potter
Crossword
NBA
Soccer
WWE
Song
NFL
Puzzle
Pokémon
The Office
Country
hide this ad
More By:
CrackerJibbs
Quiz
Plays
Rating
Category
Featured
Created
Boxing: Undisputed Heavyweight Champions
2,560
3.20
Sports
Nov 14, 2009
Boxing: Undisputed Middleweight Champions
870
4.50
Sports
Nov 14, 2009
Go to Creator's Profile
Score Distribution
Quiz Creator Spotlight
CrackerJibbs
Follow
Send a Message
Quizzes Created
-
Created Quiz Play Count
-
More By This Creator
Popular Quizzes Today
1
5x2 Blitz: Bands
2
Find the 'City' Movie
3
Find the US States - No Outlines Minefield
4
Colored Red Africa Blitz
5
The Countries of the World
6
Find the US States
7
Risky Map Clicking: Biggest States A-Z
8
9x9 Crossword: Cartoon Network
More Sports Quizzes
River Plate's Number 9's
Quiz Lab
Trending Quizzes
Colored Red Africa Blitz II
Colored Red Europe Blitz I
Find the 'Dark' Movie
Find the 'Day' Movie
Find the 'Good' Movie
Recently Updated
Champions League XIs: Real Madrid
pecheneg
Largest US Cities 1790-2010
pecheneg
Rides in Walt Disney World
pecheneg
Most Oscar Losses (Acting)
pecheneg
Beyoncé Albums
pecheneg
Leaping Animals
pecheneg
Reality TV Shows (A-Z)
bhenderson79
Rickey Henderson's Hall of Fame Teammates
pecheneg
Champions League XIs: Arsenal
pecheneg
Quick Pick: Celebrities in WWE's Hall of Fame
aduchscher
Trending Topics
Kpop
Anime
Disney
NBA
Marvel
Crossword
Harry Potter
NFL
WWE
Country
Soccer
The Office
Puzzle
Pokémon
Song
Your Account Isn't Verified!
In order to create a playlist on Sporcle, you need to verify the email address you used during registration. Go to your
Sporcle Settings
to finish the process.
Report this User
Report this user for behavior that violates our
Community Guidelines
.
Details:
Send Report
Go to the Sporcle.com Mobile Site →
Comments